|
|
|
|
| LEADER |
00000cam a2200000 7i4500 |
| 001 |
0000004887 |
| 002 |
000005270 |
| 005 |
20000330.0 |
| 020 |
|
|
|a 9971772914
|
| 090 |
0 |
0 |
|a 297.1226
|b MUS
|
| 100 |
0 |
|
|a Mustafa Mahmud
|
| 245 |
1 |
0 |
|a Sekelumit rahasia Al-Quran
|c Mustafa Mahmmud ; alihbahasa oleh Muhdar Husam Syahab
|
| 260 |
|
|
|a Singapura :
|b Pustaka Nasional ,
|c 1990
|
| 300 |
|
|
|a 80 p. ;
|c 20 cm.
|
| 650 |
0 |
0 |
|a Quran
|x Interpretation and critism
|
| 700 |
0 |
|
|a Muhdhar Husain Syahab
|
| 999 |
|
|
|a 034815
|b BUKU
|c PINJAMAN
|e PERPUSTAKAAN KOMUNITI PETALING JAYA
|
| 999 |
|
|
|a 034816
|b BUKU
|c PINJAMAN
|e PERPUSTAKAAN KOMUNITI PETALING JAYA
|